000 00452nam a22001577a 4500
999 _c60547
_d60547
005 20230817145411.0
008 230817s1994 gw ||||| |||| 00| 0 ger d
041 _ager
080 _a94 S-30
100 _aSchmidt-Colinet, Andreas
_919688
245 _aPalmyra:
_bKulturbegegnung im Grenzbereich /
_cAndreas Schmidt-Colinet .
264 _aMainz,
_c1993.
300 _a82 p. :
_bill.;
_c32 cm.
653 _aპალმირა
942 _2udc
_cBK